[Event "DEM U18 2019"]
[Site "Willingen GER"]
[Date "2019.06.12"]
[Round "5"]
[White "Muckle, Julius"]
[Black "Roseneck, Jonas"]
[Result "1/2-1/2"]
[Termination "normal"]
[Board "3"]
[WhiteTitle "FM"]
[BlackTitle "FM"]
[WhiteElo "2370"]
[BlackElo "2403"]
[WhiteClock "00:04:49"]
[BlackClock "00:03:21"]
[PlyCount "153"]
[WhiteFideId "12942430"]
[BlackFideId "12939870"]
[EventCountry "GER"]
[EventRounds "9"]
[EventType "swiss"]
[EventDate "2019.06.08"]

1. d4 {[%clk 1:30:59]} 1... Nf6 {[%clk 1:30:53]} 2. c4 {[%clk 1:31:27]} 2... g6
{[%clk 1:31:17]} 3. Nc3 {[%clk 1:31:54]} 3... d5 {[%clk 1:31:43]} 4. Bg5 {
[%clk 1:32:20]} 4... Ne4 {[%clk 1:32:04]} 5. Bh4 {[%clk 1:32:48]} 5... Nxc3 {
[%clk 1:32:10]} 6. bxc3 {[%clk 1:33:17]} 6... dxc4 {[%clk 1:32:33]} 7. e3 {
[%clk 1:33:29]} 7... Be6 {[%clk 1:32:52]} 8. Rb1 {[%clk 1:33:28]} 8... Nd7 {
[%clk 1:33:02]} 9. Nf3 {[%clk 1:30:38]} 9... Nb6 {[%clk 1:32:13]} 10. Be2 {
[%clk 1:27:10]} 10... Bg7 {[%clk 1:32:32]} 11. O-O {[%clk 1:27:30]} 11... O-O {
[%clk 1:32:41]} 12. Qc2 {[%clk 1:10:58]} 12... Qe8 {[%clk 1:15:06]} 13. Nd2 {
[%clk 1:06:47]} 13... Rc8 {[%clk 1:05:15]} 14. Bf3 {[%clk 0:57:32]} 14... c5 {
[%clk 0:59:47]} 15. Bxb7 {[%clk 0:57:09]} 15... Rc7 {[%clk 0:50:45]} 16. Bf3 {
[%clk 0:50:53]} 16... cxd4 {[%clk 0:44:04]} 17. exd4 {[%clk 0:50:49]} 17... Qa4
{[%clk 0:39:31]} 18. Qb2 {[%clk 0:34:11]} 18... Bf5 {[%clk 0:34:58]} 19. Ne4 {
[%clk 0:31:08]} 19... Qa5 {[%clk 0:34:58]} 20. Bg3 {[%clk 0:26:00]} 20... Rcc8
{[%clk 0:33:30]} 21. Rfc1 {[%clk 0:10:38]} 21... Bxe4 {[%clk 0:28:32]} 22. Bxe4
{[%clk 0:11:05]} 22... f5 {[%clk 0:28:53]} 23. Bb7 {[%clk 0:11:01]} 23... f4 {
[%clk 0:29:13]} 24. Bxc8 {[%clk 0:10:56]} 24... Nxc8 {[%clk 0:29:36]} 25. Qe2 {
[%clk 0:09:46]} 25... fxg3 {[%clk 0:29:13]} 26. Qxc4+ {[%clk 0:10:11]} 26...
Kh8 {[%clk 0:29:32]} 27. hxg3 {[%clk 0:09:34]} 27... Nd6 {[%clk 0:28:57]} 28.
Qe6 {[%clk 0:07:12]} 28... Qc7 {[%clk 0:26:45]} 29. g4 {[%clk 0:03:46]} 29...
Nf7 {[%clk 0:24:38]} 30. Qd5 {[%clk 0:03:27]} 30... Qf4 {[%clk 0:22:55]} 31.
Qf3 {[%clk 0:01:54]} 31... Qg5 {[%clk 0:12:45]} 32. Re1 {[%clk 0:02:08]} 32...
e5 {[%clk 0:10:09]} 33. d5 {[%clk 0:02:05]} 33... Nh6 {[%clk 0:10:21]} 34. Qe3
{[%clk 0:01:46]} 34... Qxg4 {[%clk 0:10:42]} 35. Qxa7 {[%clk 0:01:41]} 35...
Nf5 {[%clk 0:09:38]} 36. Rb4 {[%clk 0:00:40]} 36... Qg5 {[%clk 0:09:23]} 37.
Qa4 {[%clk 0:00:43]} 37... Qd2 {[%clk 0:08:09]} 38. Qd1 {[%clk 0:01:03]} 38...
Qxc3 {[%clk 0:08:23]} 39. Rb7 {[%clk 0:00:37]} 39... Nd4 {[%clk 0:07:42]} 40.
Re3 {[%clk 0:00:37]} 40... Qa5 {[%clk 0:05:10]} 41. Qb1 {[%clk 0:14:46]} 41...
Qxd5 {[%clk 0:34:06]} 42. Rb8 {[%clk 0:13:24]} 42... Nc6 {[%clk 0:22:57]} 43.
Rxf8+ {[%clk 0:13:22]} 43... Bxf8 {[%clk 0:23:26]} 44. Qe4 {[%clk 0:12:54]}
44... Qe6 {[%clk 0:17:40]} 45. Rc3 {[%clk 0:12:20]} 45... Nd4 {[%clk 0:18:00]}
46. Re3 {[%clk 0:12:38]} 46... Nc6 {[%clk 0:15:40]} 47. Rc3 {[%clk 0:12:57]}
47... Nb4 {[%clk 0:12:52]} 48. a4 {[%clk 0:08:38]} 48... Nd5 {[%clk 0:13:14]}
49. Qc4 {[%clk 0:07:16]} 49... Kg7 {[%clk 0:08:25]} 50. Rd3 {[%clk 0:07:20]}
50... Nf4 {[%clk 0:07:57]} 51. Qxe6 {[%clk 0:07:45]} 51... Nxe6 {[%clk 0:08:25]
} 52. Rd7+ {[%clk 0:08:05]} 52... Kf6 {[%clk 0:08:09]} 53. a5 {[%clk 0:07:39]}
53... Nc5 {[%clk 0:07:55]} 54. Rc7 {[%clk 0:05:43]} 54... h5 {[%clk 0:06:26]}
55. a6 {[%clk 0:05:05]} 55... Nxa6 {[%clk 0:06:54]} 56. Rc6+ {[%clk 0:05:32]}
56... Kf5 {[%clk 0:07:21]} 57. Rxa6 {[%clk 0:05:58]} 57... Bc5 {[%clk 0:07:40]}
58. Kf1 {[%clk 0:06:17]} 58... Bd4 {[%clk 0:05:16]} 59. g3 {[%clk 0:05:25]}
59... Bc5 {[%clk 0:04:23]} 60. Ke2 {[%clk 0:05:12]} 60... Bd4 {[%clk 0:04:49]}
61. Rc6 {[%clk 0:04:48]} 61... Ba7 {[%clk 0:03:21]} 62. f3 {[%clk 0:04:44]}
62... Bd4 {[%clk 0:03:44]} 63. Ra6 {[%clk 0:05:04]} 63... Bc5 {[%clk 0:03:53]}
64. Kf1 {[%clk 0:05:06]} 64... Be3 {[%clk 0:03:50]} 65. Kg2 {[%clk 0:05:26]}
65... Bd4 {[%clk 0:03:27]} 66. Kh3 {[%clk 0:05:43]} 66... g5 {[%clk 0:03:21]}
67. Rh6 {[%clk 0:04:49]} 67... h4 68. g4+ Kf4 69. Rf6+ Ke3 70. Rf5 Kf2 71. Rxg5
Kxf3 72. Rf5+ Ke2 73. Kxh4 e4 74. Kg3 e3 75. Rd5 Kd3 76. Kf3 e2 77. Rxd4+
1/2-1/2

[Event "DEM U18 2019"]
[Site "Willingen GER"]
[Date "2019.06.12"]
[Round "5"]
[White "Färber, David"]
[Black "Rieß, Alexander"]
[Result "0-1"]
[Termination "normal"]
[Board "4"]
[BlackTitle "FM"]
[WhiteElo "2293"]
[BlackElo "2305"]
[WhiteClock "00:01:49"]
[BlackClock "00:12:43"]
[PlyCount "110"]
[WhiteFideId "12971294"]
[BlackFideId "12953326"]
[EventCountry "GER"]
[EventRounds "9"]
[EventType "swiss"]
[EventDate "2019.06.08"]

1. e4 {[%clk 1:30:25]} 1... e5 {[%clk 1:30:47]} 2. Nf3 {[%clk 1:30:28]} 2...
Nc6 {[%clk 1:31:08]} 3. Bb5 {[%clk 1:30:05]} 3... a6 {[%clk 1:31:31]} 4. Ba4 {
[%clk 1:30:14]} 4... Nf6 {[%clk 1:31:50]} 5. d3 {[%clk 1:30:25]} 5... d6 {
[%clk 1:31:39]} 6. c3 {[%clk 1:28:53]} 6... g6 {[%clk 1:31:31]} 7. O-O { [%clk
1:26:10]} 7... Bg7 {[%clk 1:31:26]} 8. Re1 {[%clk 1:26:13]} 8... O-O { [%clk
1:30:40]} 9. Nbd2 {[%clk 1:25:56]} 9... Nh5 {[%clk 1:26:02]} 10. Bxc6 { [%clk
1:00:37]} 10... bxc6 {[%clk 1:26:23]} 11. d4 {[%clk 1:00:58]} 11... exd4 {[%clk
1:07:52]} 12. cxd4 {[%clk 1:00:07]} 12... f5 {[%clk 1:05:42]} 13. e5 { [%clk
0:54:14]} 13... Be6 {[%clk 0:47:56]} 14. b3 {[%clk 0:41:57]} 14... dxe5 { [%clk
0:36:18]} 15. Ba3 {[%clk 0:38:46]} 15... Re8 {[%clk 0:31:02]} 16. dxe5 { [%clk
0:31:55]} 16... Nf4 {[%clk 0:30:37]} 17. Qc2 {[%clk 0:27:27]} 17... Bd5 { [%clk
0:19:46]} 18. Rad1 {[%clk 0:24:20]} 18... a5 {[%clk 0:18:50]} 19. Bc5 { [%clk
0:18:59]} 19... h6 {[%clk 0:17:42]} 20. Bd4 {[%clk 0:15:27]} 20... Qe7 { [%clk
0:16:41]} 21. Re3 {[%clk 0:13:13]} 21... Qf7 {[%clk 0:15:57]} 22. Rde1 { [%clk
0:10:32]} 22... Ne6 {[%clk 0:14:27]} 23. Bb2 {[%clk 0:10:03]} 23... Bf8 { [%clk
0:11:33]} 24. Rc1 {[%clk 0:04:11]} 24... Bc5 {[%clk 0:11:26]} 25. Ree1 { [%clk
0:04:30]} 25... Bb6 {[%clk 0:11:35]} 26. Qc3 {[%clk 0:04:32]} 26... a4 { [%clk
0:10:33]} 27. Nc4 {[%clk 0:03:38]} 27... c5 {[%clk 0:07:51]} 28. Rcd1 { [%clk
0:02:41]} 28... Red8 {[%clk 0:07:03]} 29. Bc1 {[%clk 0:01:05]} 29... Kh7 {[%clk
0:07:16]} 30. Qe3 {[%clk 0:00:45]} 30... g5 {[%clk 0:07:11]} 31. h4 { [%clk
0:00:49]} 31... f4 {[%clk 0:07:01]} 32. Qd3+ {[%clk 0:00:58]} 32... Qg6 { [%clk
0:06:44]} 33. hxg5 {[%clk 0:00:47]} 33... hxg5 {[%clk 0:06:57]} 34. Qxg6+
{[%clk 0:00:40]} 34... Kxg6 {[%clk 0:07:19]} 35. Bb2 {[%clk 0:01:01]} 35... g4
{[%clk 0:03:37]} 36. Nfd2 {[%clk 0:01:01]} 36... Kf5 {[%clk 0:03:30]} 37. Nf1 {
[%clk 0:00:45]} 37... Bxc4 {[%clk 0:01:49]} 38. bxc4 {[%clk 0:01:13]} 38...
Rxd1 {[%clk 0:01:14]} 39. Rxd1 {[%clk 0:01:41]} 39... Nd4 {[%clk 0:01:28]} 40.
Nd2 {[%clk 0:00:39]} 40... Re8 {[%clk 0:00:34]} 41. Nb1 {[%clk 0:16:53]} 41...
Rxe5 {[%clk 0:26:30]} 42. Kf1 {[%clk 0:16:50]} 42... Ba5 {[%clk 0:24:04]} 43.
Bc3 {[%clk 0:16:02]} 43... Bb6 {[%clk 0:23:17]} 44. Re1 {[%clk 0:11:48]} 44...
Rxe1+ {[%clk 0:20:13]} 45. Kxe1 {[%clk 0:12:04]} 45... Ke4 {[%clk 0:16:45]} 46.
Kd2 {[%clk 0:12:18]} 46... f3 {[%clk 0:15:01]} 47. gxf3+ {[%clk 0:09:54]} 47...
gxf3 {[%clk 0:12:56]} 48. Na3 {[%clk 0:06:13]} 48... c6 {[%clk 0:12:29]} 49.
Nb1 {[%clk 0:04:35]} 49... Bd8 {[%clk 0:11:56]} 50. Bxd4 {[%clk 0:03:20]} 50...
cxd4 {[%clk 0:11:57]} 51. Kd1 {[%clk 0:02:34]} 51... Ba5 {[%clk 0:12:04]} 52.
Nd2+ {[%clk 0:00:58]} 52... Bxd2 {[%clk 0:12:07]} 53. Kxd2 {[%clk 0:01:26]}
53... d3 {[%clk 0:12:08]} 54. Kc3 {[%clk 0:01:45]} 54... c5 {[%clk 0:12:26]}
55. a3 {[%clk 0:01:49]} 55... d2 {[%clk 0:12:43]} 0-1

[Event "DEM U18 2019"]
[Site "Willingen GER"]
[Date "2019.06.12"]
[Round "5"]
[White "Rockmann, Jan-Okke"]
[Black "Runte, Moritz"]
[Result "1/2-1/2"]
[Termination "normal"]
[Board "12"]
[WhiteElo "1816"]
[BlackElo "2096"]
[WhiteClock "00:32:06"]
[BlackClock "00:32:16"]
[PlyCount "120"]
[WhiteFideId "12942111"]
[BlackFideId "12991449"]
[EventCountry "GER"]
[EventRounds "9"]
[EventType "swiss"]
[EventDate "2019.06.08"]

1. e4 {[%clk 1:30:58]} 1... c5 {[%clk 1:30:49]} 2. Nf3 {[%clk 1:31:17]} 2...
Nc6 {[%clk 1:31:07]} 3. d4 {[%clk 1:31:38]} 3... cxd4 {[%clk 1:31:31]} 4. Nxd4
{[%clk 1:32:03]} 4... g6 {[%clk 1:31:40]} 5. Be3 {[%clk 1:32:23]} 5... Bg7 {
[%clk 1:31:36]} 6. Nc3 {[%clk 1:32:40]} 6... Nf6 {[%clk 1:31:36]} 7. Bc4 {
[%clk 1:32:51]} 7... O-O {[%clk 1:31:15]} 8. Bb3 {[%clk 1:33:15]} 8... d5 {
[%clk 1:30:33]} 9. exd5 {[%clk 1:21:39]} 9... Na5 {[%clk 1:29:52]} 10. Nde2 {
[%clk 1:21:55]} 10... Nxb3 {[%clk 1:26:18]} 11. axb3 {[%clk 1:22:15]} 11... b6
{[%clk 1:25:53]} 12. Bd4 {[%clk 1:16:40]} 12... Bb7 {[%clk 1:23:51]} 13. Bxf6 {
[%clk 1:15:35]} 13... Bxf6 {[%clk 1:24:05]} 14. O-O {[%clk 1:15:37]} 14... Qd7
{[%clk 1:13:37]} 15. Qd3 {[%clk 1:10:07]} 15... Rfd8 {[%clk 1:12:13]} 16. Rfd1
{[%clk 1:09:47]} 16... h5 {[%clk 1:05:56]} 17. Ra4 {[%clk 1:01:20]} 17... e6 {
[%clk 0:54:00]} 18. Ne4 {[%clk 0:39:27]} 18... Be7 {[%clk 0:46:47]} 19. d6 {
[%clk 0:39:02]} 19... Bxe4 {[%clk 0:41:18]} 20. Qxe4 {[%clk 0:39:16]} 20...
Rac8 {[%clk 0:35:08]} 21. Rad4 {[%clk 0:31:23]} 21... Bf6 {[%clk 0:32:26]} 22.
R4d3 {[%clk 0:31:32]} 22... Bg7 {[%clk 0:30:08]} 23. Nd4 {[%clk 0:15:31]} 23...
Bf8 {[%clk 0:28:05]} 24. c4 {[%clk 0:15:19]} 24... Rc5 {[%clk 0:23:36]} 25. Nf3
{[%clk 0:10:39]} 25... Qc6 {[%clk 0:22:39]} 26. Qxc6 {[%clk 0:08:59]} 26...
Rxc6 {[%clk 0:23:07]} 27. d7 {[%clk 0:07:45]} 27... Rc7 {[%clk 0:21:15]} 28.
Ne5 {[%clk 0:04:07]} 28... Bg7 {[%clk 0:20:53]} 29. f4 {[%clk 0:04:33]} 29...
Kf8 {[%clk 0:19:39]} 30. Rd6 {[%clk 0:04:02]} 30... Bxe5 {[%clk 0:19:30]} 31.
fxe5 {[%clk 0:04:29]} 31... Ke7 {[%clk 0:19:00]} 32. Kf2 {[%clk 0:04:58]} 32...
Rc5 {[%clk 0:17:31]} 33. Re1 {[%clk 0:05:24]} 33... f6 {[%clk 0:16:30]} 34. Rd4
{[%clk 0:05:53]} 34... fxe5 {[%clk 0:15:46]} 35. Rde4 {[%clk 0:06:19]} 35...
Rxd7 {[%clk 0:14:10]} 36. Rxe5 {[%clk 0:06:03]} 36... Rxe5 {[%clk 0:13:12]} 37.
Rxe5 {[%clk 0:06:30]} 37... Kf6 {[%clk 0:12:11]} 38. Re2 {[%clk 0:06:52]} 38...
Rd3 {[%clk 0:11:48]} 39. b4 {[%clk 0:07:16]} 39... Rb3 {[%clk 0:11:28]} 40. b5
{[%clk 0:07:34]} 40... Rb4 {[%clk 0:11:24]} 41. Rc2 {[%clk 0:04:26]} 41... Ke5
{[%clk 0:10:41]} 42. c5 {[%clk 0:04:35]} 42... bxc5 {[%clk 0:10:57]} 43. Rxc5+
{[%clk 0:05:01]} 43... Kd4 {[%clk 0:09:47]} 44. Rg5 {[%clk 0:04:32]} 44...
Rxb2+ {[%clk 0:09:52]} 45. Kf1 {[%clk 0:04:53]} 45... e5 {[%clk 0:09:40]} 46.
Rxg6 {[%clk 0:05:17]} 46... e4 {[%clk 0:05:30]} 47. Rg3 {[%clk 0:28:55]} 47...
Rxb5 {[%clk 0:34:23]} 48. Ra3 {[%clk 0:29:22]} 48... a5 {[%clk 0:34:00]} 49.
Ke2 {[%clk 0:29:26]} 49... h4 {[%clk 0:32:55]} 50. Ra4+ {[%clk 0:29:10]} 50...
Ke5 {[%clk 0:33:02]} 51. Ke3 {[%clk 0:29:14]} 51... Rb3+ {[%clk 0:32:23]} 52.
Ke2 {[%clk 0:29:37]} 52... Rb2+ {[%clk 0:31:35]} 53. Ke3 {[%clk 0:30:02]} 53...
Rb3+ {[%clk 0:31:52]} 54. Ke2 {[%clk 0:30:26]} 54... Kf4 {[%clk 0:31:18]} 55.
g3+ {[%clk 0:30:11]} 55... hxg3 {[%clk 0:31:20]} 56. hxg3+ {[%clk 0:30:38]}
56... Rxg3 {[%clk 0:31:42]} 57. Rxa5 {[%clk 0:31:03]} 57... Rg2+ { [%clk
0:31:58]} 58. Kf1 {[%clk 0:31:28]} 58... Rb2 {[%clk 0:32:17]} 59. Ra3 { [%clk
0:31:41]} 59... e3 {[%clk 0:32:28]} 60. Ra8 {[%clk 0:32:06]} 60... Rb1+ { [%clk
0:32:16]} 1/2-1/2

[Event "DEM U18 2019"]
[Site "Willingen GER"]
[Date "2019.06.12"]
[Round "5"]
[White "Hinrichs, Niklas"]
[Black "Wendler, David"]
[Result "1/2-1/2"]
[Termination "normal"]
[Board "13"]
[WhiteElo "2128"]
[BlackElo "2163"]
[WhiteClock "00:11:06"]
[BlackClock "00:04:41"]
[PlyCount "120"]
[WhiteFideId "12942499"]
[BlackFideId "12938360"]
[EventCountry "GER"]
[EventRounds "9"]
[EventType "swiss"]
[EventDate "2019.06.08"]

1. d4 {[%clk 1:30:56]} 1... Nf6 {[%clk 1:30:56]} 2. c4 {[%clk 1:31:20]} 2... c5
{[%clk 1:30:57]} 3. d5 {[%clk 1:31:45]} 3... b5 {[%clk 1:31:19]} 4. cxb5 {
[%clk 1:32:11]} 4... a6 {[%clk 1:31:40]} 5. bxa6 {[%clk 1:32:39]} 5... g6 {
[%clk 1:31:56]} 6. Nc3 {[%clk 1:33:01]} 6... Bxa6 {[%clk 1:32:20]} 7. e4 {
[%clk 1:33:25]} 7... Bxf1 {[%clk 1:32:45]} 8. Kxf1 {[%clk 1:33:51]} 8... d6 {
[%clk 1:33:07]} 9. g3 {[%clk 1:34:07]} 9... Bg7 {[%clk 1:33:32]} 10. Kg2 {
[%clk 1:34:33]} 10... O-O {[%clk 1:33:44]} 11. Nf3 {[%clk 1:34:59]} 11... Qb6 {
[%clk 1:33:58]} 12. Qe2 {[%clk 1:34:22]} 12... Na6 13. a4 {[%clk 1:32:36]}
13... Rfb8 {[%clk 1:32:16]} 14. Nb5 {[%clk 1:30:14]} 14... Nc7 15. Nxc7 { [%clk
1:15:48]} 15... Qxc7 {[%clk 1:30:40]} 16. Qc2 Rb4 17. Bd2 {[%clk 1:07:57] }
17... Rxe4 {[%clk 1:08:49]} 18. Bc3 {[%clk 1:08:10]} 18... e5 {[%clk 1:03:06] }
19. Nd2 {[%clk 1:05:49]} 19... Rd4 {[%clk 1:03:30]} 20. Bxd4 {[%clk 0:50:04]}
20... exd4 21. Rhc1 21... Rb8 {[%clk 0:56:03]} 22. a5 {[%clk 0:37:47]} 22...
Nxd5 {[%clk 0:53:57]} 23. a6 {[%clk 0:34:46]} 23... Nb4 {[%clk 0:48:37]} 24.
Qc4 24... d3 {[%clk 0:29:36]} 25. a7 {[%clk 0:29:45]} 25... Qb7+ 26. Qe4 {
[%clk 0:15:07]} 26... Qxe4+ {[%clk 0:28:18]} 27. Nxe4 {[%clk 0:15:34]} 27...
Ra8 {[%clk 0:28:42]} 28. Nxc5 {[%clk 0:14:32]} 28... Bxb2 {[%clk 0:15:30]} 29.
Nxd3 29... Bxa1 {[%clk 0:14:34]} 30. Nxb4 {[%clk 0:14:33]} 30... Rxa7 { [%clk
0:14:54]} 31. Rd1 {[%clk 0:13:12]} 31... Bc3 {[%clk 0:09:42]} 32. Nd5 { [%clk
0:11:09]} 32... Bg7 {[%clk 0:09:02]} 33. h4 {[%clk 0:09:54]} 33... h5 { [%clk
0:06:42]} 34. Rd2 {[%clk 0:08:14]} 34... Rb7 {[%clk 0:06:19]} 35. Ne3 { [%clk
0:06:12]} 35... Bf8 {[%clk 0:04:07]} 36. f3 {[%clk 0:05:14]} 36... f6 { [%clk
0:02:35]} 37. Rd3 {[%clk 0:04:31]} 37... Kf7 {[%clk 0:02:51]} 38. g4 { [%clk
0:04:55]} 38... hxg4 {[%clk 0:02:58]} 39. fxg4 {[%clk 0:04:10]} 39... Ke6
{[%clk 0:01:34]} 40. Kf3 {[%clk 0:01:47]} 40... Rb5 {[%clk 0:00:40]} 41. Ra3 {
[%clk 0:29:47]} 41... d5 {[%clk 0:26:34]} 42. Ra6+ {[%clk 0:29:03]} 42... Bd6 {
[%clk 0:25:45]} 43. h5 {[%clk 0:26:29]} 43... gxh5 {[%clk 0:25:42]} 44. gxh5 {
[%clk 0:26:53]} 44... Rb4 {[%clk 0:21:46]} 45. h6 {[%clk 0:26:09]} 45... Rb1 {
[%clk 0:15:34]} 46. Kg4 {[%clk 0:17:22]} 46... Rh1 {[%clk 0:12:43]} 47. Rb6 {
[%clk 0:13:58]} 47... Ke5 {[%clk 0:09:50]} 48. Rb5 {[%clk 0:10:57]} 48... f5+ {
[%clk 0:06:32]} 49. Kg5 {[%clk 0:10:57]} 49... Bf8 {[%clk 0:04:13]} 50. Nxd5 {
[%clk 0:08:45]} 50... Bxh6+ {[%clk 0:04:22]} 51. Kg6 {[%clk 0:08:55]} 51... f4
{[%clk 0:03:14]} 52. Nxf4+ {[%clk 0:08:59]} 52... Kxf4 {[%clk 0:03:24]} 53. Rh5
{[%clk 0:09:24]} 53... Ra1 {[%clk 0:03:14]} 54. Kxh6 {[%clk 0:09:34]} 54...
Ra6+ {[%clk 0:03:06]} 55. Kg7 {[%clk 0:09:53]} 55... Ra7+ {[%clk 0:03:28]} 56.
Kf6 {[%clk 0:10:01]} 56... Ra6+ {[%clk 0:03:43]} 57. Kf7 {[%clk 0:10:25]} 57...
Rd6 {[%clk 0:03:57]} 58. Ra5 {[%clk 0:10:33]} 58... Ke4 {[%clk 0:04:01]} 59.
Rb5 {[%clk 0:10:42]} 59... Rd5 {[%clk 0:04:19]} 60. Rxd5 {[%clk 0:11:06]} 60...
Kxd5 {[%clk 0:04:41]} 1/2-1/2